Missing Word: 'Sound' Songs Quiz Stats

 Plays Quiz Updated Jul 3, 2017

Support Sporcle.
Go Orange.
Score 0/12 Timer 03:00
0 Plays Today
Song Title Missing Word % Correct
The Sound of ____Music
89.3%
The Sound of ____Silence
83%
You Sound ____
to Me
Good
73.2%
____ SoundsPet
53.4%
Sound ____ RoomProof
43.4%
____ of SoundSpeed
33.6%
____ & SoundSafe
29.3%
____ for SoundWired
23.3%
Sound and ____Vision
18.7%
Sound of the ____Underground
16.7%
The ____ SoundsSweetest
10.8%
Sound & ____Color
9.3%

Today's Daily Dose

You're not logged in!

Compare scores with friends on all Sporcle quizzes.
OR
Log In
Forgot?

From the Vault

Geography 'L' Blitz

by nspyred

What the L! We haven't heard of half of these places.
Remove Ads.
Support Sporcle.
Get the best of Sporcle when you Go Orange. This ad-free experience offers more features, more stats, and more fun while also helping to support Sporcle. Thank you for becoming a member.

Show Comments

Extras

Top Quizzes Today


Score Distribution

Your Account Isn't Verified!

In order to create a playlist on Sporcle, you need to verify the email address you used during registration. Go to your Sporcle Settings to finish the process.

Report this User

Report this user for behavior that violates our Community Guidelines.

Details: